Back In The U.S.S.R - The Beatles (All Lyrics) - Statistics

General Stats
  • This quiz has been taken 129 times
  • The average score is 206 of 258
Answer Stats
Lyrics % Correct
I
100%
U-S,
100%
U-S-S-R
100%
back
99%
in
99%
a
98%
the
97%
be
93%
you
92%
you,
92%
to
91%
me
90%
are,
89%
girls
89%
know
89%
my
89%
my,
89%
and
88%
lucky
87%
on
87%
on,
87%
don't
86%
how
85%
miami
85%
boy
84%
out
84%
i'm
83%
shout
83%
flew
82%
get
82%
make
82%
moscow
82%
knock
81%
night
80%
ukraine
80%
mind
79%
really
79%
beach,
78%
behind
78%
last
78%
west
78%
leave
77%
didn't
76%
from
76%
always
75%
bed
75%
your
73%
had
72%
it
71%
so
71%
flight
70%
good
70%
sing
69%
they
69%
man,
68%
way,
68%
way
68%
dreadful
67%
georgia's
66%
home
65%
it's
65%
oh,
65%
was
64%
well,
64%
take
63%
knee
62%
B-O-A-C
60%
paper
60%
hear
59%
keep
59%
come
56%
let
56%
comrade
55%
daddy's
55%
down
55%
honey,
55%
honey
55%
warm
54%
been
53%
farm
53%
disconnect
51%
south
51%
that
51%
phone
50%
show
50%
bag
49%
knew
49%
mountains
49%
case
48%
long,
48%
tomorrow
48%
unpack
48%
away
47%
place
47%
gee,
45%
'til
45%
ringing
43%
yeah,
43%
snow
41%
hardly
40%
'round
37%
tell
34%
peaked
33%
hey,
31%
balalaikas
30%
No matching quizzes found
Score Distribution
Percent of People with Each Score
Percentile by Number Answered
Your Score History
You have not taken this quiz